000 00475nam a2200169Ia 4500
008 220204s9999 xx 000 0 und d
082 _a575:631.52
_bMUR
245 0 _aAdvanced methods in plant breeding and biotechnology
260 _aLondon
_bCAB International
_c1991
650 _aGene mapping
650 _aGene transfer
650 _aGenetic engineering
650 _aSomatic embryogenesis
650 _aStress physiology
700 _aMurray, David R
942 _cBK
999 _c40411
_d40411